Jala Brat and Buba Corelli Songs by Description - Statistics

General Stats
  • This quiz has been taken 8 times
  • The average score is 7 of 30
Answer Stats
Description Song % Correct
Naziv za policiju na španskom, često se čuje u uličnom žargonu i pjesmama. La Muria
100%
Period tame između sumraka i svitanja, kada se granice stvari stapaju u monotonu crninu. Noć
83%
Žensko ime arapskog porijekla koje znači "živa", "uspješna", "dobro živuća" ili "prosperitetna" Aisha
50%
Brz, ofanzivan bek poznat po prodorima i asistencijama. Hakimi
50%
Pravni zastupnik koji artikulira tuđu pravdu, naplaćujući sposobnost da sve riječi u prostoriji zvuče uvjerljivo. Advokat
33%
Američka multinacionalna korporacija specijalizirana za projektiranje, manufakturu i globalnu distribuciju naprednih aerokosmičkih letjelica. Boing
33%
Minijaturni mehanički spojni element čija aktivacija nerijetko simbolizuje finalnu odluku ili okidanje radnje. Dugme
33%
Gusta, ljepljiva smeđa masa nastala zagrijavanjem šećera, često na štapiću ili kao preliv za slatkiše. Karamela
33%
Restriktivna mjera sanitarne izolacije kojom se vrši temporalna segregacija potencijalno inficiranih subjekata radi prevencije transmisije patogena. Karantin
33%
Ona koju drugi rado viđaju, prema kojoj osjećaju simpatiju i nježnost bez posebnog povoda. Mila
33%
Ratnik koji je preživio pad vlastite dinastije, osuđen na egzistenciju bez hijerarhije i počasti. Ronin
33%
Unutrašnji impuls, tiha tenzija koja pokreće želju i tjelesnu privlačnost Sexdrive
33%
Poluautomatska vatrena sprava kompaktne konstrukcije, često nelegalno prisutna u urbanim sredinama. Tec-9
33%
Diskretne disonance u kardijalnoj kadenci, narušena električna harmonija. Aritmije
17%
Difuzna percepcija stvarnosti, vizuelna neodređenost koja onemogućava jasno raspoznavanje kontura. Blur
17%
U prenesenom značenju, izraz se koristi za nevaljalu, bezobraznu ili bestidnu osobu. Hrsuz
17%
Atmosfersko pražnjenje praćeno sjajem i gromom, preneseno značenje za izuzetnu brzinu. Munja
17%
Aktivno sudjelovanje u ritmičkim druženjima uz muziku, često do kasnih jutarnjih sati. Partijam
17%
Nevezani fragmentirani mineral koji klizi kroz prste, simbol prolaznosti i nestajanja. Pijesak
17%
Karipska destinacija poznata po prozirnom moru i odsustvu briga, gdje je odmor sinonim za zamjenu satova pijeskom. Punta Cana
17%
Završna riječ u pregovorima, krajnji rok nakon kojeg opcije nestaju, a potezi postaju nenadoknadivi. Ultimatum
17%
Postupak urgentne ventilacije pluća kojim se ekspiracijski zrak spasioca direktno transferira u respiratorni trakt. Usta na usta
17%
Prostorija u kojoj se statistička vjerovatnoća pretvara u zanatsku varku, a nada u zamjenicu za novčani gubitak. Casino
0%
Egzistencijalna usidrenost u blagostanju, gdje fiziološke potrebe nisu izvor tenzije. Comfort
0%
Objekt iracionalnog poštovanja ili opsesivne privrženosti, često lišen stvarne upotrebne vrijednosti. Fetiš
0%
Arhipelag na kojem se ritual susreće sa robotikom, a imperijalna prošlost nosi pečat zvuka i metala. Japan
0%
Američka pjevačica čiji vokal ne traži odobrenje, tetovirana izjavom o tuđoj sreći. Kehlani
0%
Argentinski brend visoke klase, prepoznatljiv po povezanosti s polom i elitnim sportskim stilom. La Martina
0%
Konceptualna restrinkcija koja implicira finitnost prostora ili resursa, lišena svake težnje ka beskonačnosti. LMTD
0%
Materijalna dobit stečena nadmoći, često nakon uspješno izvedene zasjede ili sistemskog nadigravanja. Plijen
0%
No matching quizzes found
Score Distribution
Percent of People with Each Score
Percentile by Number Answered
Your Score History
You have not taken this quiz